Návrh technológie na výrobu formaldehydu bakalárska práca

Gespeichert in:
Bibliographische Detailangaben
1. Verfasser: Lukovicsová, Lilla
Format: Buch
Sprache:Slowakisch
Veröffentlicht: Bratislava STU FCHPT 2019
Online-Zugang:Im OPAC anzeigen
Tags: Tag hinzufügen
Keine Tags, Fügen Sie das erste Tag hinzu!

MARC

LEADER 00000nam a2200000 a 4500
005 20260127134157.0
008 190913 2019 xo a 001 0 slo d
035 |a vtls011886809 
039 9 |y 201909131028  |z mschk03 
040 |a STUSCHK1  |b slo  |c STUSCHK1  |e AACR2 
100 1 |a Lukovicsová, Lilla 
245 1 |a Návrh technológie na výrobu formaldehydu  |b bakalárska práca  |c Lilla Lukovicsová 
260 |a Bratislava  |b STU FCHPT  |c 2019 
300 |a 39 s.  |b Obr., tab.  |c 25 cm 
500 |a Študijný program: chemické inžinierstvo 
500 |a Študijný odbor: chemické inžinierstvo 
500 |a Školiace pracovisko: Oddelenie chemického a biochemického inžinierstva 
500 |a Evid. číslo: FCHPT-5431-88565 
910 |a SCHK95 
999 |c 5921  |d 5921